000 01911nam a2200349 a 4500
001 000024110
003 DO-SdBNP
005 20180327111708.0
007 000024110
008 110119s1994 dr 001 0 spa d
040 _aBPMSU
_bspa
_cBPMSU
092 _a323.352
_bR426c, 1994
110 1 _aRepública Dominicana
240 1 0 _a[Leyes, etc.].
245 1 0 _aCódigo para la protección de niños, niñas y adolescentes y normativa internacional.
260 _aSanto Domingo :
_bUNICEF,
_c1994.
300 _a286 p. ;
_c27 cm.
505 0 _gPresentación
_tCódigo para la protección de niños, niñas y adolescentes --
_tConvención sobre los derechos del niño, aprobada por la Asamblea General de las Naciones Unidas el 20 de Noviembre de 1989 --
_tReglas de Beijing, reglas mínimas de las Asamblea General de las Naciones Unidas para la administración de la justicia de menores --
_tProtección de los menores privados de libertad --
_tDirectrices de la RIAD, directrices de las Naciones Unidas para la prevención de la delincuencia juvenil --
_tApéndice: Convención sobre la eliminación de todas las formas de discriminación contra la mujer, aprobada por la Asamblea General de las Naciones Unidas el 16 de diciembre de 1979.
650 4 _aADMINISTRACIÓN DE JUSTICIA PARA MENORES
_xLEGISLACIÓN
650 4 _aASISTENCIA PÚBLICA
_xLEGISLACIÓN
650 4 _aDERECHO DE FAMILIA
_xLEGISLACIÓN
650 4 _aTRABAJO SOCIAL CON NIÑOS
_xLEGISLACIÓN
650 4 _aNIÑOS
_xSITUACIÓN LEGAL
710 2 _aFondo de las Naciones Unidas para la Infancia (República Dominicana).
910 _aValidado. Control de calidad EMS
942 _2ddc
_cBK
945 _aRemenejado para la BNPHU / BT
956 _aIGARCIA
_b10
_c20110119
_lBND01
_h0951
956 _aNMORDAN
_b10
_c20110201
_lBND01
_h0941
956 _aEMARRERO
_b40
_c20120925
_lBND01
_h2249
956 _aVMATEO
_b10
_c20150914
_lBPMSU
_h00151
999 _c7603
_d7603